[Event "MDA-ch (Women)"]
[Site "Kishinev"]
[Date "2019.02.04"]
[Round "6"]
[White "Mocanu, Valeria"]
[Black "Mocanu, Paula"]
[Result "1/2-1/2"]
[WhiteElo "1860"]
[BlackElo "1640"]
[PlyCount "62"]
[EventDate "2019.01.30"]
[EventType "tourn"]
[EventRounds "9"]
[EventCountry "MDA"]
[SourceTitle "CBM 188 Extra"]
[Source "ChessBase"]
[SourceDate "2019.02.26"]
[SourceVersion "1"]
[SourceVersionDate "2019.02.26"]
[SourceQuality "1"]

1. e4 e5 2. Nf3 Nc6 3. Bc4 Bc5 4. c3 Nf6 5. d3 a6 6. Nbd2 d6 7. Bb3 Ba7 8. h3 Be6 9. Nf1 h6 10. Ng3 Qd7 11. Qe2 0-0-0 12. 0-0 Rhe8 13. Be3 Bxe3 14. Qxe3 g5 15. Nh2 d5 16. Qe2 dxe4 17. dxe4 Qd3 18. Qxd3 Rxd3 19. Rad1 Rxd1 20. Rxd1 Rd8 21. Bxe6+ fxe6 22. Rxd8+ Kxd8 23. Ng4 Nxg4 24. hxg4 Ke7 25. Kf1 Kf6 26. Ke2 Ne7 27. Ke3 Ng6 28. Nh5+ Ke7 29. a4 Nf4 30. g3 Ng6 31. b4 Nf8 1/2-1/2

[Event "MDA-ch (Women)"]
[Site "Kishinev"]
[Date "2018.02.02"]
[Round "3"]
[White "Mocanu, Paula"]
[Black "Cogut, Irina"]
[Result "1-0"]
[WhiteElo "1722"]
[BlackElo "1435"]
[PlyCount "113"]
[EventDate "2018.01.31"]
[EventType "tourn"]
[EventRounds "9"]
[EventCountry "MDA"]
[SourceTitle "CBM 182 Extra"]
[Source "ChessBase"]
[SourceDate "2018.02.23"]
[SourceVersion "1"]
[SourceVersionDate "2018.02.23"]
[SourceQuality "1"]

1. e4 e6 2. d4 b6 3. Nc3 Bb7 4. Be3 Nf6 5. f3 Be7 6. Nge2 d6 7. Ng3 h6 8. Be2 Nbd7 9. Qd2 c5 10. 0-0 cxd4 11. Bxd4 a6 12. Rfd1 e5 13. Bf2 g6 14. Bc4 Nc5 15. Nd5 Nxd5 16. Bxd5 Bxd5 17. Qxd5 Rc8 18. c3 Qc7 19. Nf1 Na4 20. Qb3 Nc5 21. Qc2 h5 22. Ne3 b5 23. Nd5 Qd8 24. Qd2 Rc6 25. Nxe7 Qxe7 26. Qd5 Qc7 27. Bxc5 dxc5 28. Rd2 0-0 29. Rad1 Re6 30. Qd7 Re7 31. Qxc7 Rxc7 32. Rd6 Ra8 33. R1d5 a5 34. Rxe5 a4 35. Rb6 Ra5 36. Rd5 Kg7 37. Kf2 a3 38. b3 Kh6 39. Ke3 Kg7 40. Kf4 Kh6 41. Ke5 Kg7 42. Kd6 Raa7 43. Rxb5 c4 44. Ke5 Rab7 45. b4 f6+ 46. Kd4 Rxb5 47. Rxb5 Rd7+ 48. Rd5 Rc7 49. b5 Kh6 50. b6 Rb7 51. Kc5 h4 52. Kc6 Rb8 53. Kc7 Re8 54. b7 Re7+ 55. Rd7 Re8 56. b8Q Rxb8 57. Kxb8 1-0

[Event "MDA-ch (Women)"]
[Site "Kishinev"]
[Date "2018.01.31"]
[Round "1"]
[White "Mocanu, Paula"]
[Black "Golban, Ludmila"]
[Result "1-0"]
[WhiteElo "1722"]
[BlackElo "1792"]
[PlyCount "74"]
[EventDate "2018.01.31"]
[EventType "tourn"]
[EventRounds "9"]
[EventCountry "MDA"]
[SourceTitle "CBM 182 Extra"]
[Source "ChessBase"]
[SourceDate "2018.02.23"]
[SourceVersion "1"]
[SourceVersionDate "2018.02.23"]
[SourceQuality "1"]

1. e4 c5 2. Nf3 d6 3. d4 cxd4 4. Nxd4 Nf6 5. f3 Nc6 6. Nc3 e5 7. Nb3 Be7 8. Be3 0-0 9. Be2 Be6 10. 0-0 d5 11. exd5 Nxd5 12. Nxd5 Qxd5 13. Qxd5 Bxd5 14. c3 Rfd8 15. Rad1 b6 16. Ba6 Rab8 17. Bb5 Rbc8 18. Rd2 Bxb3 19. axb3 Rxd2 20. Bxd2 Bc5+ 21. Kh1 Rd8 22. Bg5 Be7 23. Be3 Na5 24. b4 Nb3 25. Kg1 a5 26. Bxb6 Rb8 27. bxa5 Nxa5 28. Bxa5 Bc5+ 29. Kh1 Rxb5 30. b4 Be3 31. Rd1 Kf8 32. g3 Ke7 33. Kg2 Ke6 34. Kf1 Rd5 35. Rxd5 Kxd5 36. Ke2 Bg1 37. Kd3 Bxh2 1-0

[Event "EU-ch U14 Girls 27th"]
[Site "Mamaia"]
[Date "2017.09.12"]
[Round "7"]
[White "Mocanu, Paula"]
[Black "Rzali, Sabina"]
[Result "1-0"]
[WhiteElo "1687"]
[BlackElo "1792"]
[PlyCount "111"]
[EventDate "2017.09.05"]
[EventType "swiss"]
[EventRounds "9"]
[EventCountry "ROU"]
[SourceTitle "CBM 180 Extra"]
[Source "ChessBase"]
[SourceDate "2017.10.06"]
[SourceVersion "1"]
[SourceVersionDate "2017.10.06"]
[SourceQuality "1"]

1. e4 e6 2. d4 d5 3. Nc3 dxe4 4. Nxe4 Bd7 5. c3 Bc6 6. Ng3 Be7 7. Nf3 Nf6 8. Bd3 Nbd7 9. 0-0 0-0 10. c4 b6 11. b3 Bb7 12. Bb2 c5 13. Qe2 cxd4 14. Nxd4 Nc5 15. Bc2 Qc7 16. Rad1 Rfd8 17. f3 a6 18. f4 Re8 19. Nh5 Ncd7 20. Nxf6+ Nxf6 21. Qf2 Rad8 22. Kh1 Ne4 23. Qe3 Nf6 24. Qf2 Qc5 25. Qg3 b5 26. Bd3 bxc4 27. bxc4 Kh8 28. Nb3 Qh5 29. Qg5 h6 30. Qxh5 Nxh5 31. Kg1 Nf6 32. h3 Nd7 33. Be2 Bc6 34. Nd4 Bc5 35. Kh2 Ba4 36. Nb3 Bb4 37. Rd3 Nb6 38. Rg3 f6 39. Bh5 Rf8 40. Rc1 Bd2 41. Nxd2 Rxd2 42. Ba3 Rc8 43. Bf7 Bd7 44. Rgc3 Rc6 45. Rg3 g5 46. fxg5 hxg5 47. h4 Kg7 48. Bh5 Kh6 49. Bf3 Rxc4 50. Rxc4 Nxc4 51. hxg5+ fxg5 52. Bc1 Rxa2 53. Bxg5+ Kg6 54. Be4+ Kf7 55. Rf3+ Kg8 56. Bh6 1-0

[Event "EU-ch U14 Girls 27th"]
[Site "Mamaia"]
[Date "2017.09.09"]
[Round "5"]
[White "Mocanu, Paula"]
[Black "Kuzich, Aryna"]
[Result "1/2-1/2"]
[WhiteElo "1687"]
[BlackElo "1828"]
[PlyCount "82"]
[EventDate "2017.09.05"]
[EventType "swiss"]
[EventRounds "9"]
[EventCountry "ROU"]
[SourceTitle "EXT 2018"]
[Source "ChessBase"]
[SourceDate "2017.10.13"]
[SourceVersion "1"]
[SourceVersionDate "2017.10.13"]
[SourceQuality "1"]

1. e4 e5 2. Nf3 Nf6 3. Nxe5 d6 4. Nf3 Nxe4 5. Nc3 Nf6 6. d4 d5 7. Be2 Bd6 8. Bg5 Be6 9. Ne5 c6 10. f4 Qc7 11. Rf1 Ne4 12. Nxe4 dxe4 13. f5 Bd7 14. Qd2 Bxe5 15. dxe5 Qxe5 16. 0-0-0 0-0 17. f6 e3 18. Bxe3 Re8 19. Bf4 Qxe2 20. Bxb8 Qxd2+ 21. Rxd2 Raxb8 22. Rxd7 gxf6 23. Rxf6 Rf8 24. g4 Kg7 25. g5 a5 26. h4 h5 27. Rfd6 Rfe8 28. g6 Re1+ 29. Kd2 Rf1 30. gxf7 Rxf7 31. Rxf7+ Kxf7 32. Rh6 Rd8+ 33. Ke3 Rd5 34. Rh7+ Kf6 35. Rxb7 Rc5 36. c3 Rc4 37. Rb6 Kf5 38. Kd3 Rc5 39. b4 axb4 40. Rxb4 Ra5 41. a4 Ke5 1/2-1/2

[Event "MDA-ch (Women)"]
[Site "Chisinau"]
[Date "2017.02.03"]
[Round "7"]
[White "Mocanu, Paula"]
[Black "Petrenko, Svetlana"]
[Result "1/2-1/2"]
[WhiteElo "1652"]
[BlackElo "2159"]
[PlyCount "128"]
[EventDate "2017.01.28"]
[EventType "tourn"]
[EventRounds "9"]
[EventCountry "MDA"]
[SourceTitle "EXT 2020"]
[Source "ChessBase"]
[SourceDate "2019.10.17"]
[SourceVersion "1"]
[SourceVersionDate "2019.10.17"]
[SourceQuality "1"]

1. e4 c5 2. Nf3 d6 3. d4 cxd4 4. Nxd4 Nf6 5. f3 e6 6. c4 Be7 7. Be3 0-0 8. Be2 Nc6 9. Nc3 d5 10. Nxc6 bxc6 11. e5 Nd7 12. f4 a5 13. 0-0 Nb6 14. cxd5 Nxd5 15. Nxd5 cxd5 16. Rf3 Ba6 17. Bxa6 Rxa6 18. Rh3 g6 19. Qd3 Rc6 20. Rf1 Qb8 21. Bd4 Rfc8 22. f5 Rc1 23. Qe3 Rxf1+ 24. Kxf1 Qb5+ 25. Kg1 Bc5 26. Bxc5 Qxc5 27. Qxc5 Rxc5 28. fxe6 fxe6 29. Rc3 Rb5 30. b3 d4 31. Rd3 Rxe5 32. Rxd4 Kg7 33. Kf2 Kf6 34. Kf3 g5 35. g4 Rc5 36. Ra4 Ke5 37. Ke3 Rc3+ 38. Kf2 Rc2+ 39. Kf3 Rxh2 40. Rxa5+ Kd4 41. Kg3 Rb2 42. Rxg5 Rxa2 43. Rg7 Rb2 44. Rxh7 Rxb3+ 45. Kf2 e5 46. g5 Rb2+ 47. Kf1 Rb6 48. Rh6 Rb1+ 49. Kf2 Rb2+ 50. Kf1 Rb1+ 51. Kf2 e4 52. g6 e3+ 53. Ke2 Rb2+ 54. Kf3 Rf2+ 55. Kg3 Rf1 56. Rh2 Rf6 57. g7 Rg6+ 58. Kf3 Rxg7 59. Ke2 Rg4 60. Rh8 Rg2+ 61. Ke1 Kd3 62. Rd8+ Ke4 63. Re8+ Kd3 64. Rd8+ Ke4 1/2-1/2

[Event "MDA-ch (Women)"]
[Site "Chisinau"]
[Date "2017.01.30"]
[Round "3"]
[White "Mocanu, Paula"]
[Black "Coada, Elena"]
[Result "1-0"]
[WhiteElo "1652"]
[BlackElo "1784"]
[PlyCount "101"]
[EventDate "2017.01.28"]
[EventType "tourn"]
[EventRounds "9"]
[EventCountry "MDA"]
[SourceTitle "EXT 2020"]
[Source "ChessBase"]
[SourceDate "2019.10.17"]
[SourceVersion "1"]
[SourceVersionDate "2019.10.17"]
[SourceQuality "1"]

1. e4 e5 2. Nf3 Nf6 3. Nxe5 d6 4. Nf3 Nxe4 5. Nc3 Nxc3 6. dxc3 Bg4 7. Be2 Nc6 8. Be3 Be7 9. Qd2 Qd7 10. h3 Bf5 11. Nd4 Nxd4 12. Bxd4 Rg8 13. Bf3 Qe6+ 14. Kd1 Be4 15. Bxe4 Qxe4 16. Re1 Qxg2 17. Qe3 0-0-0 18. Qxe7 Rge8 19. Qxe8 Rxe8 20. Rxe8+ Kd7 21. Re1 Qxh3 22. Kd2 Qh6+ 23. Be3 Qh5 24. b3 b6 25. Rg1 Qd5+ 26. Kc1 g6 27. Kb2 h5 28. Bg5 Qf5 29. Be3 f6 30. f4 c5 31. Raf1 d5 32. Bc1 b5 33. a3 a5 34. Be3 Kc6 35. b4 axb4 36. axb4 d4 37. Bd2 d3 38. bxc5 dxc2 39. Rc1 Kxc5 40. Rxc2 Qd3 41. Be1 Qe4 42. Bg3 b4 43. Bf2+ Kb5 44. Bd4 Kc4 45. cxb4+ Kxb4 46. Bxf6 Qxf4 47. Bc3+ Ka4 48. Rxg6 h4 49. Rb6 Qf5 50. Rb4+ Ka5 51. Rf4+ 1-0

[Event "MDA-ch (Women)"]
[Site "Chisinau"]
[Date "2017.01.28"]
[Round "1"]
[White "Daicu, Diana"]
[Black "Mocanu, Paula"]
[Result "0-1"]
[WhiteElo "1644"]
[BlackElo "1652"]
[PlyCount "50"]
[EventDate "2017.01.28"]
[EventType "tourn"]
[EventRounds "9"]
[EventCountry "MDA"]
[SourceTitle "EXT 2020"]
[Source "ChessBase"]
[SourceDate "2019.10.17"]
[SourceVersion "1"]
[SourceVersionDate "2019.10.17"]
[SourceQuality "1"]

1. e4 e5 2. Nf3 Nc6 3. d4 exd4 4. Nxd4 Bc5 5. Be3 Qf6 6. c3 Bb6 7. Bc4 Ne5 8. Be2 d6 9. 0-0 Bd7 10. Nd2 h6 11. Nc4 Nxc4 12. Bxc4 Qg6 13. f3 Ne7 14. Re1 0-0 15. Qb3 a5 16. a4 Kh8 17. Rad1 f5 18. exf5 Bxf5 19. Rd2 Rae8 20. Kh1 Nc6 21. Nxf5 Qxf5 22. Bd3 Qg5 23. f4 Qxf4 24. Rf2 Rxe3 25. Rxe3 Qxf2 0-1

[Event "MDA-ch (Women)"]
[Site "Kishinev"]
[Date "2016.02.04"]
[Round "3"]
[White "Mocanu, Paula"]
[Black "Petrenko, Svetlana"]
[Result "0-1"]
[WhiteElo "1678"]
[BlackElo "2185"]
[PlyCount "60"]
[EventDate "2016.02.02"]
[EventType "tourn"]
[EventRounds "9"]
[EventCountry "MDA"]
[SourceTitle "EXT 2022"]
[Source "ChessBase"]
[SourceDate "2021.10.06"]
[SourceVersion "1"]
[SourceVersionDate "2021.10.06"]
[SourceQuality "1"]

1. e4 c5 2. Nf3 d6 3. d4 cxd4 4. Nxd4 Nf6 5. Bd3 e5 6. Nb3 Be7 7. Nc3 a6 8. a4 b6 9. 0-0 Bb7 10. f4 Nbd7 11. fxe5 dxe5 12. Be3 0-0 13. Qf3 Nc5 14. Nxc5 Bxc5 15. Bxc5 bxc5 16. Qg3 Qd4+ 17. Kh1 Nxe4 18. Bxe4 Bxe4 19. Rfe1 Bxc2 20. Rxe5 Rad8 21. Rg5 g6 22. Rg4 Qd2 23. Rf1 Bd3 24. Rg1 Qxb2 25. Nd1 Qb8 26. Qf2 c4 27. h4 Rfe8 28. Nc3 Qe5 29. Qb2 f5 30. Rg5 Qd4 0-1